00673nam a2200205 4500003000400000005001700004008004100021020001500062040001800077050001900095100004400114245011100158264004600269300001800315336002200333337002400355338002400379650003300403700003100436OSt20260601193844.0260508b |||||||| |||| 00| 0 eng d a3782814452 aICIbspacICI aNA759.R34bP42 1aMiguel Angel Corzo / Beatríz Trublood 1aPedro ramirez vazquez :bUn arquitecto mexicano y pref. de pierre vago ; realizacion de beatrice trueblood aMéxico ; stuttgart :bK. kramer,cc1979 a144 páginas atexto2rdacontent asin medio2rdamedia avolumen2rdacarrier a Ramírez Vázquez, Pedro, aVago, Pierre,eprologuista